00493nam a2200157Ia 4500008004100000082001800041100001600059245003200075250000800107260002300115300001000138650002200148942001200170952013800182999001500320150201s2004 xx 000 0 und d a617.6bY2004Z aZARKARIASEN aYEAR BOOK OF DENTISTRY-2004 a1ST bMOSBYaDELHIc2004 a1-467 aGENERAL DENTISTRY 2ddccBK 00102ddc4070aFDbFDd2007-12-22eU.B.S.DELHIg4462.00h1iSGTUl0o617.6 Y2004ZpFD4644r2015-02-09 00:00:00w2012-09-21yBKk821 c3769d3769